Statistiques concernant Meilleurs joueurs de Football de tous les temps

Cliquez ici pour prendre le quiz!

Statistiques générales

  • Ce quiz a été pris 929 fois
  • Le résultat moyen est 8 sur 15

Statistiques - réponses

Réponse% Correct
7Cristiano Ronaldo
99%
10Lionel Messi
99%
10Pelé
90%
10Zinédine Zidane
88%
10Diego Maradona
86%
14Johan Cruyff
64%
3Paolo Maldini
58%
10Michel Platini
55%
9Ronaldo Nazario
40%
9Gerd Müller
36%
6Franz Beckenbauer
34%
10Ferenc Puskas
26%
10Eusébio
25%
10Ruud Gullit
22%
7George Best
20%

Distribution des résultats

Percentile par nombre de réponses

% des personnes avec chaque résultat

Votre développement - résultats

Vous n’avez pas pris ce quiz